• 首页
  • 本馆介绍
  • 公告通知
  • 最新文献
  • 馆藏检索
  • 电子资源
  • 读者导购
  • 参考咨询
  • 我的图书馆
  • 登录
  • 详细信息显示
  • 放入我的书架
  • 预约/预借图书
  • 作者相关作品
  • 分类相关作品
  • 丛书相关作品
  • 出版社相关作品

书目信息

  • 表格格式
  • 工作单格式
  • 卡片格式
题名:
图说中国文化
    
 
作者: 王月前 , 洪石 编著
分册:   考古发现卷
出版信息: 长春   吉林人民出版社  2007
页数: 208页
开本: 25cm
丛书名:
单 册:
中图分类: K203-49 , K87-49
科图分类:
主题词: 文化史--中国--通俗读物 , 考古发现--中国--通俗读物 , 文化史 , 考古发现
电子资源:
ISBN: 978-7-206-05388-7
000 01075nam0 2200301 45
001 1050825656
005 20100419100304.14
010    @a978-7-206-05388-7@dCNY39.80
100    @a20100326e20092007em y0chiy50 ea
101 0  @achi
102    @aCN@b220000
105    @aa z 000yy
106    @ar
200 1  @a图说中国文化@ATu Shuo Zhong Guo Wen Hua@dIllustrated Introductions Of Chinese Culture@i考古发现卷@IKao Gu Fa Xian Juan@f王月前,洪石编著@FWang Yue Qian, Hong Shi Bian Zhu@zeng
210    @a长春@c吉林人民出版社@d2007@h2009
215    @a208页@c图@d25cm
330    @a本书列举的考古内容,均为20世纪以来中华大地上的重要发现,是从成百上千项考古发现中精选出来的。
510 1  @aIllustrated Introductions Of Chinese Culture@zeng
606 0  @a文化史@y中国@j通俗读物
606 0  @a考古发现@y中国@j通俗读物
606 0  @a文化史
606 0  @a考古发现
690    @aK203-49@v4
690    @aK87-49@v4
701  0 @a王月前@AWang Yue Qian@4编著
701  0 @a洪石@AHong Shi@f(1972~)@4编著
801  0 @aCN@bTANGWEI@c20100419
905    @b0590858-59@dK203-49@e129:5@f2
    
    图说中国文化=Illustrated Introductions Of Chinese Culture.考古发现卷/王月前,洪石编著.-长春:吉林人民出版社,2007(2009)
    208页:图;25cm
    
    
    ISBN 978-7-206-05388-7:CNY39.80
    本书列举的考古内容,均为20世纪以来中华大地上的重要发现,是从成百上千项考古发现中精选出来的。
●
相关链接 在E读中查询图书 在五车中查询图书 在当当中查询图书 在豆瓣中查询图书


正题名:图说中国文化     索取号:K203-49/129:5         预约/预借

序号 登录号 条形码 馆藏地/架位号 状态 备注
1 0590858   205908589   第二样本阅览室/ [索取号:K203-49/129:5] 在馆    
2 0590859   205908598   第二借阅区/ [索取号:K203-49/129:5] 在馆    
唐山师范学院图书馆 欢迎您!
大连网信软件有限公司© 版权所有